|
|
|
|
| LEADER |
00000nam0a2200000 4500 |
| 001 |
101988 |
| 005 |
20231101214412.0 |
| 010 |
|
|
|a 5741804063
|
| 035 |
|
|
|a (RuTPU)RU\TPU\book\109985
|
| 090 |
|
|
|a 101988
|
| 100 |
|
|
|a 20060919d2006 m y0rusy50 ca
|
| 101 |
0 |
|
|a rus
|
| 102 |
|
|
|a RU
|
| 105 |
|
|
|a a j 001zy
|
| 200 |
1 |
|
|a Специальные способы разработки месторождений полезных ископаемых
|e учебник
|f Т. Т. Исмаилов, В. И. Голик, Е. Б. Дольников
|g Московский государственный горный университет
|
| 210 |
|
|
|a Москва
|c Изд-во МГГУ
|d 2006
|
| 215 |
|
|
|a 331 с.
|c ил.
|
| 225 |
1 |
|
|a Высшее горное образование
|
| 320 |
|
|
|a Библиогр.: с. 323-328.
|
| 330 |
|
|
|a Приведены общие сведения о горных технологиях разработки месторождений. Особое внимание уделено специальным способам разработки месторождений и их специфике. Рассмотрены возможности совершенствования этих способов. Определена область их эффективного использования. Даны расчеты параметров специальных способов разработки. Для студентов, магистров и аспирантов высших учебных заведений, обучающихся по горно-геологическим специальностям по направлению подготовки «Технологии геологической разведки».
|
| 606 |
1 |
|
|a Месторождения полезных ископаемых
|x Системы разработки
|2 stltpush
|3 (RuTPU)RU\TPU\subj\42244
|9 61931
|
| 610 |
1 |
|
|a горные технологии
|
| 610 |
1 |
|
|a разработка
|
| 610 |
1 |
|
|a специальные способы
|
| 610 |
1 |
|
|a металлы
|
| 610 |
1 |
|
|a выщелачивание
|
| 610 |
1 |
|
|a добыча с тепловым воздействием
|
| 610 |
1 |
|
|a добыча с воздействием воды
|
| 610 |
1 |
|
|a гидрометаллургические процессы
|
| 610 |
1 |
|
|a морские месторождения
|
| 610 |
1 |
|
|a ядерные взрывы
|
| 610 |
1 |
|
|a Россия
|
| 610 |
1 |
|
|a Северный Кавказ
|
| 610 |
1 |
|
|a параметры
|
| 610 |
1 |
|
|a расчеты
|
| 610 |
1 |
|
|a золото
|
| 610 |
1 |
|
|a кучное выщелачивание
|
| 610 |
1 |
|
|a учебники
|
| 675 |
|
|
|a 622.27(075.8)
|v 3
|
| 700 |
|
1 |
|a Исмаилов
|b Т. Т.
|g Тахир Турсунович
|
| 701 |
|
1 |
|a Голик
|b В. И.
|g Владимир Иванович
|
| 701 |
|
1 |
|a Дольников
|b Е. Б.
|g Евгений Борисович
|
| 712 |
0 |
2 |
|a Московский государственный горный университет
|2 stltpush
|3 (RuTPU)RU\TPU\col\453
|
| 801 |
|
1 |
|a RU
|b 63413507
|c 20060919
|g PSBO
|
| 801 |
|
2 |
|a RU
|b 63413507
|c 20150723
|g PSBO
|
| 900 |
|
|
|a Месторождения полезных ископаемых
|
| 900 |
|
|
|a Полезные ископаемые
|
| 900 |
|
|
|a Основы технологии разработки месторождений полезных ископаемых
|
| 942 |
|
|
|c BK
|
| 951 |
|
|
|b 130200
|
| 959 |
|
|
|a 69/20071008
|d 1
|e 380,00
|f АНЛ:1
|